000 00306nam a2200157Ia 4500
100 _aDhanjani/Nitesh
650 _aNetwork Security
942 _cBK
366 _f20
245 _aNetwork Security Tools
260 _bSPD
_c2005
082 _bDHA
300 _a323
546 _aENGLISH
999 _c21646
_d21646